LEADER 06436nam 2201621 a 450 001 9910460126203321 005 20200520144314.0 010 $a1-283-10031-2 010 $a9786613100313 010 $a1-4008-3874-6 024 7 $a10.1515/9781400838745 035 $a(CKB)2670000000083581 035 $a(EBL)689264 035 $a(OCoLC)727378527 035 $a(SSID)ssj0000521953 035 $a(PQKBManifestationID)11320605 035 $a(PQKBTitleCode)TC0000521953 035 $a(PQKBWorkID)10523621 035 $a(PQKB)10380093 035 $a(MiAaPQ)EBC689264 035 $a(StDuBDS)EDZ0000514978 035 $a(MdBmJHUP)muse36744 035 $a(DE-B1597)446890 035 $a(OCoLC)979629436 035 $a(DE-B1597)9781400838745 035 $a(Au-PeEL)EBL689264 035 $a(CaPaEBR)ebr10468683 035 $a(CaONFJC)MIL310031 035 $a(EXLCZ)992670000000083581 100 $a20100820d2011 uy 0 101 0 $aeng 135 $aur|n|---||||| 181 $ctxt 182 $cc 183 $acr 200 10$aDemocratic legitimacy$b[electronic resource] $eimpartiality, reflexivity, proximity /$fPierre Rosanvallon ; translated by Arthur Goldhammer 205 $aCore Textbook 210 $aPrinceton $cPrinceton University Press$dc2011 215 $a1 online resource (244 p.) 300 $aDescription based upon print version of record. 311 $a0-691-14948-8 320 $aIncludes bibliographical references and index. 327 $apt. 1. Dual legitimacy -- pt. 2. The legitimacy of impartiality -- pt. 3. Relexive legitimacy -- pt. 4. The legitimacy of proximity. 330 $aIt's a commonplace that citizens in Western democracies are disaffected with their political leaders and traditional democratic institutions. But in Democratic Legitimacy, Pierre Rosanvallon, one of today's leading political thinkers, argues that this crisis of confidence is partly a crisis of understanding. He makes the case that the sources of democratic legitimacy have shifted and multiplied over the past thirty years and that we need to comprehend and make better use of these new sources of legitimacy in order to strengthen our political self-belief and commitment to democracy. Drawing on examples from France and the United States, Rosanvallon notes that there has been a major expansion of independent commissions, NGOs, regulatory authorities, and watchdogs in recent decades. At the same time, constitutional courts have become more willing and able to challenge legislatures. These institutional developments, which serve the democratic values of impartiality and reflexivity, have been accompanied by a new attentiveness to what Rosanvallon calls the value of proximity, as governing structures have sought to find new spaces for minorities, the particular, and the local. To improve our democracies, we need to use these new sources of legitimacy more effectively and we need to incorporate them into our accounts of democratic government. An original contribution to the vigorous international debate about democratic authority and legitimacy, this promises to be one of Rosanvallon's most important books. 606 $aDemocracy 606 $aLegitimacy of governments 608 $aElectronic books. 610 $aWestern democracy. 610 $aadministration. 610 $aadministrative-executive power. 610 $aappropriation. 610 $abureaucracies. 610 $abureaucracy. 610 $acare. 610 $acitizens. 610 $acivic life. 610 $aconstitution. 610 $aconstitutional courts. 610 $aconstitutional judges. 610 $aconstitutional oversight. 610 $aconstitutional review. 610 $aconstitutional thought. 610 $acorporatism. 610 $acountermajoritarian difficulty. 610 $ademocracy. 610 $ademocratic authority. 610 $ademocratic ideals. 610 $ademocratic impartiality. 610 $ademocratic institution. 610 $ademocratic institutions. 610 $ademocratic legitimacy. 610 $ademocratic systems. 610 $aderivative legitimacy. 610 $adirect relations. 610 $adual legitimacy. 610 $aelections. 610 $aelectoral legitimation. 610 $aelectoral politics. 610 $aexecutive functions. 610 $aflexible relations. 610 $ageneral interest. 610 $agenerality. 610 $agovernment initiatives. 610 $agovernment intervention. 610 $agovernment. 610 $aidentification. 610 $aidentity politics. 610 $aimmediate democracy. 610 $aimpartiality. 610 $aindependent authorities. 610 $aindependent commissions. 610 $aindirect democracy. 610 $ainformal relations. 610 $ainteractive democracy. 610 $ajudicial power. 610 $ajudicial powers. 610 $alegitimacy. 610 $amajority rule. 610 $amodern individualistic states. 610 $amultiplication. 610 $anew democratic institutions. 610 $anumerical unanimity. 610 $aoversight function. 610 $aparticipatory democracy. 610 $aparticularity. 610 $apluralization. 610 $apolitical community. 610 $apolitical investment. 610 $apolitical leaders. 610 $apolitical legitimacy. 610 $apolitical obligation. 610 $apolitical representatives. 610 $apresence. 610 $aproximity. 610 $arational administration. 610 $areflexive democracy. 610 $areflexivity. 610 $aregulatory function. 610 $arepresentation. 610 $asocial existence. 610 $asocial expectations. 610 $asocial gaze. 610 $asubstantive unanimity. 610 $aunanimity. 610 $aunelected judges. 610 $aunpolitical democracy. 615 0$aDemocracy. 615 0$aLegitimacy of governments. 676 $a321.8 700 $aRosanvallon$b Pierre$f1948-$0118460 701 $aGoldhammer$b Arthur$0299627 801 0$bMiAaPQ 801 1$bMiAaPQ 801 2$bMiAaPQ 906 $aBOOK 912 $a9910460126203321 996 $aDemocratic legitimacy$92488180 997 $aUNINA LEADER 03548nam 22006495 450 001 996543162003316 005 20230808014301.0 010 $a3-8394-6463-3 024 7 $a10.1515/9783839464632 035 $a(CKB)27588458200041 035 $a(DE-B1597)644910 035 $a(DE-B1597)9783839464632 035 $a(EXLCZ)9927588458200041 100 $a20230808h20232023 fg 101 0 $ager 135 $aur||||||||||| 181 $ctxt$2rdacontent 182 $cc$2rdamedia 183 $acr$2rdacarrier 200 00$aGewissensbisse - Fallbeispiele zu ethischen Problemen der Informatik /$fhrsg. von Debora Weber-Wulff, Stefan Ullrich, Carsten Trinitis, Christina B. Class, Otto Obert, Constanze Kurz, Wolfgang Coy, Rainer Rehak 210 1$aBielefeld : $ctranscript Verlag, $d[2023] 210 4$d©2023 215 $a1 online resource (240 p.) 225 0 $aEdition Medienwissenschaft ;$v90 311 $a9783837664638 327 $tFrontmatter -- $tInhalt -- $tVorwort -- $t1. Einleitung: Die Frage des richtigen Handelns -- $t2. Didaktische Hinweise -- $t3. Fallbeispiele -- $tAnhang -- $tIndex der Fallbeispiele nach Schlagwörtern -- $tLiteratur -- $tDie Herausgeberinnen und Herausgeber 330 $aDie vielfältigen Möglichkeiten moderner IT-Systeme bringen drängende ethische Probleme mit sich. Neben der offensichtlichen Frage nach einer moralisch tragbaren Verwendung von Informationstechnologien sind ebenso die Aspekte des Entwerfens, Herstellens und Betreibens derselben entscheidend. Die Beiträger*innen setzen sich mit dem Konfliktpotenzial zwischen Technik und Ethik auseinander, indem sie lebensnahe Fallbeispiele analysieren und diskutieren. Damit liefern sie eine praktische Anleitung zum gemeinsamen Nachdenken über moralische Gebote und ethischen Umgamg mit IT-Systemen und ihren Möglichkeiten. Der Band eignet sich damit in hervorragender Weise zum Vermitteln und Erlernen von ethischer Reflexions- und Handlungskompetenz in der Informatik sowie im Umgang mit IT-Technologien überhaupt. 606 $aSOCIAL SCIENCE / Media Studies$2bisacsh 610 $aClassroom Practices. 610 $aComputer. 610 $aDigital Media. 610 $aDigitalization. 610 $aEthics. 610 $aInformation Technology. 610 $aInternet. 610 $aMedia Philosophy. 610 $aMedia Studies. 610 $aMedia. 610 $aSociety. 610 $aSoftware. 610 $aTechnology. 615 7$aSOCIAL SCIENCE / Media Studies. 702 $aClass$b Christina B., $4edt$4http://id.loc.gov/vocabulary/relators/edt 702 $aCoy$b Wolfgang, $4edt$4http://id.loc.gov/vocabulary/relators/edt 702 $aKurz$b Constanze, $4edt$4http://id.loc.gov/vocabulary/relators/edt 702 $aObert$b Otto, $4edt$4http://id.loc.gov/vocabulary/relators/edt 702 $aRehak$b Rainer, $4edt$4http://id.loc.gov/vocabulary/relators/edt 702 $aTrinitis$b Carsten, $4edt$4http://id.loc.gov/vocabulary/relators/edt 702 $aUllrich$b Stefan, $4edt$4http://id.loc.gov/vocabulary/relators/edt 702 $aWeber-Wulff$b Debora, $4edt$4http://id.loc.gov/vocabulary/relators/edt 712 02$aWeizenbaum-Institut für die vernetzte Gesellschaft - Das Deutsche Internet-Institut$4fnd$4http://id.loc.gov/vocabulary/relators/fnd 801 0$bDE-B1597 801 1$bDE-B1597 906 $aBOOK 912 $a996543162003316 996 $aGewissensbisse - Fallbeispiele zu ethischen Problemen der Informatik$93497207 997 $aUNISA LEADER 01700nam0 22003251i 450 001 UON00431341 005 20231205104908.865 100 $a20131008d2012 |0itac50 ba 101 $aita 102 $aIT 105 $a|||| ||||| 200 1 $aAurea Umbria$euna regione dell'Impero nell'era di Costantino :[Spello, Palazzo comunale 29 luglio 2012-6 gennaio 2013]$fcatalogo a cura di Alessandra Bravi$gprefazione di Valerio Massimo Manfredi, curatore della mostra; premessa di Luigi Malnati, direttore generale per le antichità 210 $aViterbo$cBetaGamma editrice$d 2012 215 $a336 p.$cill.$d28 cm 316 $aSoprintendenza dell'Umbria$5IT-UONSI PER B0041 QUAD.06/2012 410 1$1001UON00431263$12001 $aBollettino per i beni culturali dell'Umbria$erivista semestrale di divulgazione scientifica con supplementi: notiziario, rivista, quaderni (atti e monografie). Quaderni$v6 606 $aESPOSIZIONI$xSpello (Palazzo comunale)$x2012-2013$3UONC084746$2FI 606 $aUMBRIA$xStoria$xImpero bizantino$3UONC084747$2FI 620 $aIT$dViterbo$3UONL002197 676 $a945.65$cStoria d'Italia. Umbria.$v21 702 1$aBRAVI$bAlessandra$3UONV218659 702 1$aMALNATI$bLuigi$3UONV057937 702 1$aMANFREDI$bValerio Massimo$3UONV153766 712 $aBetaGamma editrice$3UONV260211$4650 801 $aIT$bSOL$c20240220$gRICA 899 $aSIBA - SISTEMA BIBLIOTECARIO DI ATENEO$2UONSI 912 $aUON00431341 950 $aSIBA - SISTEMA BIBLIOTECARIO DI ATENEO$dSI PER B 0041 QUAD. 06 2012 $eSI 6731 7 2012 Soprintendenza dell'Umbria 996 $aAurea Umbria$91335394 997 $aUNIOR